000 00358nam a2200157Ia 4500
008 210716s2008 xx 000 0 und d
020 _a05425778
041 _aeng
082 _a374.22 MANO
100 _aMathew, K M.
245 _aManorama yearbook 2008.
250 _a1
260 _aBangalore
_c2008
300 _a1040
650 _aGeneral Management
999 _c202173
_d202173